[Event "World Rapid Women 2018"]
[Site "St Petersburg RUS"]
[Date "2018.12.27"]
[Round "5.21"]
[White "Nakhbayeva, Guliskhan"]
[Black "Mkrtchian, Lilit"]
[Result "1/2-1/2"]
[WhiteTitle "IM"]
[BlackTitle "IM"]
[WhiteElo "2371"]
[BlackElo "2392"]
[WhiteFideId "13704788"]
[BlackFideId "13300601"]
[EventDate "2018.12.26"]

1. d4 e6 2. Nf3 Nf6 3. c4 b6 4. e3 Bb7 5. Bd3 d5 6. O-O Bd6 7. b3 Nbd7 8. Bb2
O-O 9. Nbd2 Ne4 10. Qe2 a6 11. Rfd1 Qf6 12. Nf1 Qe7 13. a3 Rfd8 14. Bc2 dxc4 15.
bxc4 e5 16. d5 Ndc5 17. Ne1 Bc8 18. f3 Nf6 19. Ng3 g6 20. Nd3 Nxd3 21. Qxd3 Nd7
22. Qc3 Nc5 23. Rf1 Bd7 24. Rae1 Rf8 25. f4 Rae8 26. f5 Qg5 27. e4 Na4 28. Bxa4
Bxa4 29. Bc1 Qh4 30. f6 Bc5+ 31. Kh1 Bd4 32. Qd2 Rd8 33. Rf3 Rd6 34. Ref1 Bd7
35. Qd3 Bg4 36. Ne2 Bxf3 37. Qxf3 Bc5 38. Ng3 Re8 39. a4 Rdd8 40. h3 Bf8 41. Kh2
Bh6 42. Bxh6 Qxh6 43. Qg4 Kh8 44. Rf3 Rg8 45. Rf2 Qc1 46. Qh4 Qxc4 47. Qh6 Qc5
48. Rf3 1/2-1/2

[Event "World Rapid Women 2018"]
[Site "St Petersburg RUS"]
[Date "2018.12.27"]
[Round "5.22"]
[White "Styazhkina, Anna"]
[Black "Skripchenko, Almira"]
[Result "1-0"]
[WhiteTitle "WIM"]
[BlackTitle "IM"]
[WhiteElo "2274"]
[BlackElo "2408"]
[WhiteFideId "24119300"]
[BlackFideId "13900145"]
[EventDate "2018.12.26"]

1. e4 e5 2. Nf3 Nc6 3. Bc4 Nf6 4. d3 Be7 5. Nc3 O-O 6. h3 d6 7. a4 Be6 8. Ng5
Bxc4 9. dxc4 h6 10. Nf3 Nd7 11. O-O Kh8 12. g4 Nc5 13. Be3 Ne6 14. Nd5 Bg5 15.
Nxg5 hxg5 16. Kg2 Re8 17. h4 Nf4+ 18. Bxf4 exf4 19. f3 gxh4 20. Nxf4 Ne5 21. Rh1
c6 22. Nh3 Nxc4 23. Qd4 d5 24. Rae1 Kg8 25. Nf4 Qb6 26. Qxb6 axb6 27. b3 Nd6 28.
exd5 Rxe1 29. Rxe1 Kf8 30. c4 g5 31. Nh3 cxd5 32. cxd5 Ra5 33. Nxg5 Rxd5 34. Ne4
Ne8 35. Re3 Ng7 36. Kh3 f5 37. Nc3 Rd4 38. Ne2 Rb4 39. g5 Nh5 40. Re5 Nf4+ 41.
Nxf4 Rxf4 42. Kg2 Rb4 43. Rxf5+ Kg7 44. Rb5 Rf4 45. Rxb6 Rf7 46. g6 Rc7 47. Kh3
Kh6 48. Kxh4 Rc1 49. Kg4 1-0

[Event "World Rapid Women 2018"]
[Site "St Petersburg RUS"]
[Date "2018.12.27"]
[Round "5.23"]
[White "Assaubayeva, Bibisara"]
[Black "Gaponenko, Inna"]
[Result "1-0"]
[WhiteTitle "FM"]
[BlackTitle "IM"]
[WhiteElo "2372"]
[BlackElo "2420"]
[WhiteFideId "13708694"]
[BlackFideId "14101181"]
[EventDate "2018.12.26"]

1. d4 d6 2. c4 e5 3. d5 f5 4. Nc3 Nf6 5. g3 g6 6. Bg2 Bg7 7. Nf3 O-O 8. O-O a5
9. Rb1 h6 10. e4 g5 11. c5 Na6 12. cxd6 cxd6 13. Nd2 f4 14. Nc4 Rf7 15. Qb3 Ne8
16. Na4 f3 17. Bh1 Bh3 18. Re1 b5 19. Qxb5 Nb4 20. Nab6 Rb7 21. Qa4 Rxb6 22.
Nxb6 Qxb6 23. Be3 Qb7 24. Bxf3 Bd7 25. Qd1 Nf6 26. a3 Na6 27. Qd2 Nc5 28. Bxc5
dxc5 29. Qc3 Qc7 30. b4 axb4 31. axb4 Bf8 32. Rec1 Rc8 33. b5 Bd6 34. b6 Qb7 35.
Qb3 Rb8 36. Rc2 Be8 37. Ra2 Nd7 38. Rab2 Ra8 39. Bg4 Ra5 40. Ra2 Rxa2 41. Qxa2
Bb8 42. d6+ Kg7 43. Qe6 Nf6 44. Bf5 Qc6 45. Qe7+ Bf7 46. d7 Nxd7 47. Qxd7 Qf6
48. b7 c4 49. Rc1 Qb6 50. Qc8 Qd6 51. Kg2 h5 52. Rd1 Qxd1 53. Qxb8 Qd4 1-0

[Event "World Rapid Women 2018"]
[Site "St Petersburg RUS"]
[Date "2018.12.27"]
[Round "5.24"]
[White "Komiagina, Maria"]
[Black "Tokhirjonova, Gulrukhbegim"]
[Result "0-1"]
[WhiteTitle "WIM"]
[BlackTitle "WGM"]
[WhiteElo "2234"]
[BlackElo "2444"]
[WhiteFideId "4153987"]
[BlackFideId "14203626"]
[EventDate "2018.12.26"]

1. e4 e5 2. Nf3 Nc6 3. Bb5 a6 4. Ba4 Nf6 5. O-O Be7 6. d3 b5 7. Bb3 d6 8. a3 O-O
9. Nc3 Na5 10. Ba2 c5 11. Nd5 Nc6 12. c3 h6 13. h3 Be6 14. Be3 Re8 15. a4 Bf8
16. Bb3 Bxd5 17. Bxd5 Nxd5 18. exd5 Ne7 19. Qb3 Qb6 20. Nd2 Qb7 21. c4 Rab8 22.
Rab1 bxc4 23. Qxb7 Rxb7 24. dxc4 f5 25. f4 e4 26. a5 Reb8 27. b3 g6 28. Kf2 Bg7
29. Rfc1 Kf7 30. Ke2 Ng8 31. Rc2 Nf6 32. Rg1 h5 33. g3 Rh8 34. Kf2 Rbb8 35. Rcc1
Bh6 36. Rb1 Rhg8 37. Rg2 g5 38. fxg5 Bxg5 39. Bxg5 Rxg5 40. Rbg1 Rbg8 41. Nf1
Nd7 42. Ne3 Kf6 43. Nc2 Ne5 44. h4 R5g7 45. Ke2 Nf3 46. Rb1 Rxg3 47. Rf2 f4 48.
b4 cxb4 49. Rxb4 Ke5 50. Rb7 R3g7 51. Rb6 Ng1+ 52. Ke1 e3 53. Rf1 Rg2 54. Nb4 f3
55. Nd3+ Kd4 56. Nf4 Rd2 0-1

[Event "World Rapid Women 2018"]
[Site "St Petersburg RUS"]
[Date "2018.12.27"]
[Round "5.25"]
[White "Buksa, Nataliya"]
[Black "Garcia Martin, Marta"]
[Result "1/2-1/2"]
[WhiteTitle "IM"]
[BlackTitle "FM"]
[WhiteElo "2410"]
[BlackElo "2301"]
[WhiteFideId "14123622"]
[BlackFideId "32084030"]
[EventDate "2018.12.26"]

1. e4 c5 2. Nf3 e6 3. d4 cxd4 4. Nxd4 Nc6 5. Nc3 Qc7 6. Be2 Nf6 7. Be3 a6 8. O-O
Bb4 9. Na4 Be7 10. Nxc6 bxc6 11. Nb6 Rb8 12. Nxc8 Qxc8 13. e5 Nd5 14. Bc1 Bc5
15. c4 Ne7 16. b3 Ng6 17. Bb2 Qc7 18. Qd2 O-O 19. Qc3 a5 20. Bd3 a4 21. Bc2 a3
22. Bc1 Qxe5 23. Qxe5 Nxe5 24. Bf4 f6 25. Rad1 d5 26. Rb1 Rb7 27. h4 Ng4 28. Bg3
f5 29. Bd1 f4 30. Bxg4 fxg3 31. Bxe6+ Kh8 32. cxd5 Bxf2+ 33. Kh1 cxd5 34. b4 Rf4
35. b5 Rxh4+ 36. Bh3 g5 37. Rfc1 g4 38. Rb4 h5 39. Rf4 Kg7 40. Rc6 Rxb5 41. Rg6+
Kxg6 42. Rf6+ Kg7 43. Rf7+ Kh6 44. Rf6+ Kg5 45. Rf5+ Kxf5 1/2-1/2

[Event "World Rapid Women 2018"]
[Site "St Petersburg RUS"]
[Date "2018.12.27"]
[Round "5.26"]
[White "Tomilova, Elena"]
[Black "Munkhzul, Turmunkh"]
[Result "0-1"]
[WhiteTitle "WIM"]
[BlackTitle "WFM"]
[WhiteElo "2338"]
[BlackElo "2255"]
[WhiteFideId "4162340"]
[BlackFideId "4901878"]
[EventDate "2018.12.26"]

1. c4 Nf6 2. g3 g6 3. Bg2 Bg7 4. Nc3 O-O 5. Nf3 d6 6. O-O Nc6 7. d3 e5 8. Rb1
Rb8 9. Bg5 h6 10. Bxf6 Bxf6 11. b4 Bg7 12. Nd2 f5 13. b5 Ne7 14. Qa4 Ra8 15. Qb3
Kh7 16. Nd5 f4 17. Rbc1 Nf5 18. Qd1 Rb8 19. Nb3 c6 20. Nc3 c5 21. Nd5 h5 22. Be4
Bh6 23. Nd2 Ng7 24. e3 Bg4 25. Bf3 Be6 26. exf4 exf4 27. Rc2 Qd7 28. Re1 Rbe8
29. Be4 Qf7 30. Nf3 Bg4 31. gxf4 Bxf4 32. Ne3 Bxh2+ 33. Kxh2 Bxf3 34. Bxf3 Qxf3
35. Qxf3 Rxf3 36. Kg2 Rf7 37. Rce2 Rfe7 38. Kf1 Nf5 39. Nd5 Rxe2 40. Nf6+ Kh6
41. Rxe2 Rf8 42. Re6 h4 43. Kg2 Kg7 44. Ne4 Rd8 45. a4 b6 46. f4 d5 47. Ng5 dxc4
48. dxc4 Rd2+ 49. Kf3 Nd4+ 50. Ke3 Re2+ 0-1

[Event "World Rapid Women 2018"]
[Site "St Petersburg RUS"]
[Date "2018.12.27"]
[Round "5.27"]
[White "Khomeriki, Nino"]
[Black "Harika, Dronavalli"]
[Result "0-1"]
[WhiteTitle "WIM"]
[BlackTitle "GM"]
[WhiteElo "2347"]
[BlackElo "2494"]
[WhiteFideId "13603191"]
[BlackFideId "5015197"]
[EventDate "2018.12.26"]

1. d4 d6 2. Nf3 g6 3. c4 Bg7 4. Nc3 Nf6 5. g3 O-O 6. Bg2 Nbd7 7. O-O e5 8. e4
exd4 9. Nxd4 Nc5 10. h3 Re8 11. Re1 Bd7 12. Bf4 h6 13. Kh2 a5 14. Rb1 a4 15. b4
axb3 16. axb3 h5 17. b4 Ne6 18. Be3 h4 19. e5 hxg3+ 20. fxg3 Nh5 21. Bf3 Nxg3
22. Kxg3 Bxe5+ 23. Kg2 Qh4 24. Bg4 Nxd4 25. Bf2 Bxg4 26. Qxg4 Qxg4+ 27. hxg4 Nc2
28. Re2 Bxc3 29. Rxc2 Bf6 30. c5 Re4 31. Kf3 d5 32. Rb3 c6 33. Be3 Rae8 34. g5
Bd4 35. Bxd4 Rxd4 36. b5 Kg7 37. bxc6 bxc6 38. Rb6 Re6 39. Ra2 Rd3+ 40. Kf2 Rc3
41. Ra7 Rc2+ 42. Kf3 Rc3+ 43. Kf2 Re5 44. Rxc6 Rxg5 45. Rcc7 Rf5+ 46. Ke2 d4 47.
c6 Rf6 48. Ra6 Re3+ 49. Kd2 Rf2+ 50. Kd1 d3 51. Raa7 d2 52. Re7 Rd3 0-1

[Event "World Rapid Women 2018"]
[Site "St Petersburg RUS"]
[Date "2018.12.27"]
[Round "5.28"]
[White "Maltsevskaya, Aleksandra"]
[Black "Atalik, Ekaterina"]
[Result "0-1"]
[WhiteTitle "WGM"]
[BlackTitle "IM"]
[WhiteElo "2243"]
[BlackElo "2447"]
[WhiteFideId "24174041"]
[BlackFideId "4130189"]
[EventDate "2018.12.26"]

1. e4 e5 2. Nf3 Nc6 3. Bb5 Nf6 4. d3 Bc5 5. O-O d6 6. c3 O-O 7. Nbd2 a6 8. Ba4
Ba7 9. Bb3 Ne7 10. h3 Ng6 11. Re1 Nf4 12. Nf1 N6h5 13. Be3 Qf6 14. Bxa7 Rxa7 15.
Ng3 Ra8 16. Nxh5 Nxh5 17. Kh2 Nf4 18. Ng1 Be6 19. g3 Bxb3 20. axb3 Ne6 21. Rf1
Qh6 22. b4 f5 23. Nf3 fxe4 24. dxe4 Kh8 25. Nd2 Rf6 26. Qe2 Raf8 27. Qe3 Qxe3
28. fxe3 Rf2+ 0-1

[Event "World Rapid Women 2018"]
[Site "St Petersburg RUS"]
[Date "2018.12.27"]
[Round "5.29"]
[White "Sudakova, Irina"]
[Black "Mamedjarova, Turkan"]
[Result "0-1"]
[WhiteTitle "WGM"]
[BlackTitle "WGM"]
[WhiteElo "2313"]
[BlackElo "2295"]
[WhiteFideId "4129903"]
[BlackFideId "13402005"]
[EventDate "2018.12.26"]

1. e4 e5 2. Nf3 Nc6 3. Nc3 Nf6 4. g3 d5 5. exd5 Nxd5 6. Bg2 Nxc3 7. bxc3 Bd6 8.
O-O O-O 9. Rb1 Rb8 10. d4 Bg4 11. Qd3 Re8 12. Ng5 g6 13. Qc4 Qd7 14. h3 Bf5 15.
g4 Bxc2 16. Rb2 Na5 17. Qxf7+ Qxf7 18. Nxf7 Bd3 19. Nxd6 cxd6 20. Rd1 e4 21. Bf4
Nc4 22. Rb4 a5 23. Rb5 Ne3 24. fxe3 Bxb5 25. Bxd6 Rbc8 26. Rc1 b6 27. g5 Bc4 28.
a3 Bd5 29. h4 Rc6 30. Be5 Rec8 31. Rb1 Rxc3 32. Rxb6 Rxe3 33. Rb5 Bf7 34. Rxa5
Re2 35. Bf1 Rd2 36. Bg2 e3 37. Bf4 Rd1+ 38. Kh2 e2 0-1

[Event "World Rapid Women 2018"]
[Site "St Petersburg RUS"]
[Date "2018.12.27"]
[Round "5.30"]
[White "Guseva, Marina"]
[Black "Maletina, Tatiana"]
[Result "0-1"]
[WhiteTitle "IM"]
[BlackTitle "WIM"]
[WhiteElo "2408"]
[BlackElo "2270"]
[WhiteFideId "4149351"]
[BlackFideId "24145084"]
[EventDate "2018.12.26"]

1. d4 e6 2. c4 b6 3. e4 Bb4+ 4. Bd2 Bxd2+ 5. Nxd2 d5 6. cxd5 exd5 7. e5 Ne7 8.
Ngf3 O-O 9. Bd3 c5 10. O-O Nbc6 11. Re1 h6 12. dxc5 bxc5 13. Rc1 c4 14. Bb1 Bg4
15. b3 cxb3 16. Nxb3 Rc8 17. h3 Bh5 18. Qd3 Bg6 19. Qd2 Bxb1 20. Rxb1 Qd7 21.
Nbd4 Nxd4 22. Nxd4 Nf5 23. Nxf5 Qxf5 24. Rb2 Rfd8 25. Qd4 a6 26. Rd2 Qe6 27. f4
Rc7 28. Kh2 h5 29. Qd3 g6 30. Qd4 Kh7 31. Rf1 Rc4 32. Qd3 Re4 33. Qg3 Rc8 34.
Kh1 Rcc4 35. Qg5 Rc7 36. f5 Qxe5 37. Rxd5 Qg7 38. Rd8 Re5 39. Qh4 Qh6 40. Qf6
Qg7 41. Qd6 Rec5 42. f6 Qh6 43. Rd7 Rc1 44. Rxc7 Rxf1+ 45. Kh2 Qe3 46. Rxf7+ Kh6
47. h4 Qg1+ 48. Kg3 Qe3+ 49. Kh2 Qg1+ 50. Kg3 Qf2+ 51. Kh3 Rh1+ 0-1

[Event "World Rapid Women 2018"]
[Site "St Petersburg RUS"]
[Date "2018.12.27"]
[Round "5.31"]
[White "Sukhareva, Evgeniya"]
[Black "Mamedjarova, Zeinab"]
[Result "0-1"]
[BlackTitle "WGM"]
[WhiteElo "2126"]
[BlackElo "2338"]
[WhiteFideId "4167155"]
[BlackFideId "13401521"]
[EventDate "2018.12.26"]

1. d4 e6 2. c4 f5 3. Nc3 Nf6 4. Bg5 Be7 5. Qc2 O-O 6. h3 b6 7. O-O-O Bb7 8. f3
Nh5 9. Bxe7 Qxe7 10. e3 Ng3 11. Rh2 e5 12. d5 Qc5 13. Qf2 Nxf1 14. Rxf1 Qxc4 15.
Rd1 d6 16. f4 Nd7 17. Kb1 Rae8 18. Qd2 b5 19. a3 Nc5 20. fxe5 Rxe5 21. Nf3 Ne4
22. Qd4 Nxc3+ 23. bxc3 Qb3+ 24. Kc1 Rxd5 0-1

[Event "World Rapid Women 2018"]
[Site "St Petersburg RUS"]
[Date "2018.12.27"]
[Round "5.32"]
[White "Geller, Anastasiya"]
[Black "Michna, Marta"]
[Result "1/2-1/2"]
[WhiteTitle "WFM"]
[BlackTitle "WGM"]
[WhiteElo "2187"]
[BlackElo "2333"]
[WhiteFideId "24119059"]
[BlackFideId "1106686"]
[EventDate "2018.12.26"]

1. e4 e6 2. d4 d5 3. exd5 exd5 4. Nf3 Bg4 5. Be2 Nc6 6. O-O Bd6 7. c3 Nge7 8.
Ne5 Bxe2 9. Qxe2 O-O 10. Nd2 f6 11. Nd3 Ng6 12. g3 Qd7 13. Qf3 Nce7 14. h4 Qh3
15. Qg2 Qf5 16. Qf3 Qh3 17. Qg2 Qxg2+ 18. Kxg2 h5 19. a4 Nf5 20. a5 b6 21. Nf3
Rae8 22. Bd2 c5 23. axb6 axb6 24. dxc5 bxc5 25. Ra5 Re2 26. Re1 Nxg3 27. Rxe2
Nxe2 28. Nxc5 Nef4+ 29. Kf1 Bxc5 30. Rxc5 Ra8 31. b4 Ra2 32. Rc8+ Kh7 33. b5 Rb2
34. Rc5 Nd3 35. Rxd5 Ngf4 36. Rd4 Rb1+ 37. Ne1 Nxe1 38. Bxe1 Ne6 39. Rd5 Nf4 40.
Rd4 Ne6 41. Rb4 Rxb4 42. cxb4 Nd8 43. Ke2 g5 44. hxg5 fxg5 45. Kf3 Nb7 46. Bc3
Kg6 47. Be5 Kf5 48. Bh2 Ke6 49. Ke4 Nd6+ 50. Kd4 Nxb5+ 51. Kc5 Nc3 52. Kd4 Nb5+
53. Kc5 Na3 54. Bc7 h4 55. f3 Kf5 56. b5 Nxb5 57. Kxb5 g4 58. fxg4+ 1/2-1/2

[Event "World Rapid Women 2018"]
[Site "St Petersburg RUS"]
[Date "2018.12.27"]
[Round "5.33"]
[White "Charochkina, Daria"]
[Black "Ovod, Evgenija"]
[Result "0-1"]
[WhiteTitle "IM"]
[BlackTitle "IM"]
[WhiteElo "2344"]
[BlackElo "2367"]
[WhiteFideId "4180917"]
[BlackFideId "4131827"]
[EventDate "2018.12.26"]

1. d4 d5 2. c4 e6 3. Nc3 Nf6 4. cxd5 Nxd5 5. e4 Nxc3 6. bxc3 c5 7. Nf3 cxd4 8.
cxd4 Bb4+ 9. Bd2 Bxd2+ 10. Qxd2 O-O 11. Rc1 Nd7 12. Bd3 b6 13. O-O Bb7 14. Qe3
Rc8 15. h4 Qe7 16. h5 h6 17. e5 Rxc1 18. Rxc1 Rc8 19. Rxc8+ Bxc8 20. Nd2 Bb7 21.
Be4 Nb8 22. Bxb7 Qxb7 23. g4 Qd5 24. g5 Nc6 25. gxh6 Qxd4 26. Qf3 Nxe5 27. Qa8+
Kh7 28. hxg7 Qg4+ 29. Kf1 Kxg7 30. h6+ Kh7 31. Ne4 Qh3+ 32. Ke1 Qxh6 33. Kd1
Qh1+ 34. Kc2 Kg7 35. Kc3 Ng4 36. Qb7 Nxf2 37. Nd6 Qxb7 38. Nxb7 f5 39. Nd6 Ne4+ 0-1

[Event "World Rapid Women 2018"]
[Site "St Petersburg RUS"]
[Date "2018.12.27"]
[Round "5.34"]
[White "Paramzina, Anastasya"]
[Black "Gritsayeva, Oksana"]
[Result "0-1"]
[WhiteTitle "WGM"]
[BlackTitle "WFM"]
[WhiteElo "2229"]
[BlackElo "2378"]
[WhiteFideId "4165012"]
[BlackFideId "14104652"]
[EventDate "2018.12.26"]

1. e4 e5 2. Nf3 Nc6 3. Bc4 Nf6 4. d3 Be7 5. O-O O-O 6. Re1 d6 7. a3 Kh8 8. h3
Ng8 9. Nc3 f5 10. Nd5 Bf6 11. b4 a6 12. Bb2 fxe4 13. dxe4 Nce7 14. Nxf6 Nxf6 15.
Bxe5 dxe5 16. Qxd8 Rxd8 17. Nxe5 Rd4 18. Rad1 Rxd1 19. Nf7+ Kg8 20. Rxd1 Kf8 21.
Ng5 Nc6 22. Re1 Ne5 23. Bb3 h6 24. Ne6+ Bxe6 25. Bxe6 Re8 26. Bb3 Nc6 27. f3 Nh5
28. Bd5 Nf4 29. Bxc6 bxc6 30. Re3 Rd8 31. Kf2 Rd2+ 32. Kg3 g5 33. c4 Rxg2# 0-1

[Event "World Rapid Women 2018"]
[Site "St Petersburg RUS"]
[Date "2018.12.27"]
[Round "5.35"]
[White "Makarenko, Alexandra"]
[Black "Romanovskaya, Anna"]
[Result "0-1"]
[WhiteTitle "WIM"]
[BlackTitle "WFM"]
[WhiteElo "2228"]
[BlackElo "2210"]
[WhiteFideId "4165055"]
[BlackFideId "4164725"]
[EventDate "2018.12.26"]

1. e4 g6 2. d4 Bg7 3. Nc3 d6 4. f4 a6 5. Nf3 b5 6. Bd3 Bb7 7. e5 c5 8. dxc5 dxe5
9. fxe5 Nd7 10. e6 fxe6 11. Ne4 Ngf6 12. Neg5 Nxc5 13. O-O O-O 14. Qe2 Bd5 15.
Bd2 Qb6 16. Kh1 Nxd3 17. cxd3 Rac8 18. Be3 Qd6 19. Bg1 h6 20. Nh3 Nh5 21. Nh4 e5
22. Rae1 Kh7 23. a3 Qe6 24. Nf3 Qc6 25. Rf2 Nf4 26. Nxf4 exf4 27. Qxe7 Rce8 28.
Qb4 Re3 29. Rff1 Bxf3 30. Bxe3 Bxg2+ 31. Kg1 Bxf1 32. Rxf1 fxe3 33. Rxf8 Bxf8
34. Qxf8 Qe6 35. Qf1 e2 36. Qe1 Qe3+ 37. Kg2 Qxd3 38. Kf2 Qe4 39. b4 h5 40. Qxe2
Qxe2+ 41. Kxe2 g5 42. Kf3 Kg6 43. Ke4 g4 44. Kd5 h4 45. Ke4 Kg5 46. Ke3 Kf5 47.
Ke2 Ke4 48. Kf2 Kd3 49. Kg2 Kc3 50. Kf2 Kb3 51. Ke3 Kxa3 52. Kf4 g3 0-1

[Event "World Rapid Women 2018"]
[Site "St Petersburg RUS"]
[Date "2018.12.27"]
[Round "5.36"]
[White "Haussernot, Cecile"]
[Black "Kabanova, Ekaterina"]
[Result "1-0"]
[WhiteTitle "WIM"]
[BlackTitle "WFM"]
[WhiteElo "2196"]
[BlackElo "2095"]
[WhiteFideId "601632"]
[BlackFideId "24112917"]
[EventDate "2018.12.26"]

1. e4 c5 2. Nf3 e6 3. d4 cxd4 4. Nxd4 a6 5. Nc3 Qc7 6. Bd3 b5 7. O-O Bb7 8. Kh1
Nf6 9. Qe2 h5 10. e5 Ng4 11. Bf4 f5 12. f3 Nh6 13. Rfe1 Be7 14. Qe3 Bc5 15. Bxh6
gxh6 16. Qf4 Be7 17. Qg3 Nc6 18. Qg6+ Kd8 19. Nxc6+ Qxc6 20. Qxh5 Kc7 21. Ne2
Rag8 22. c4 b4 23. Nd4 Qb6 24. Nb3 Rg5 25. Qh3 Bc5 26. Nxc5 Qxc5 27. a3 Rhg8 28.
Re2 b3 29. Rd1 Qd4 30. Red2 Qxe5 31. Bf1 Bc6 32. Rd4 Qe3 33. R4d3 Qf4 34. Rd4
Qe5 35. f4 Rxg2 36. Bxg2 Rxg2 37. Rxd7+ Kb6 38. Qxb3+ Qb5 39. c5+ Kxc5 40. Qe3+ 1-0

[Event "World Rapid Women 2018"]
[Site "St Petersburg RUS"]
[Date "2018.12.27"]
[Round "5.37"]
[White "Nomin-Erdene, Davaademberel"]
[Black "Yurasova, Daria"]
[Result "0-1"]
[WhiteTitle "IM"]
[WhiteElo "2376"]
[BlackElo "2190"]
[WhiteFideId "4900782"]
[BlackFideId "34146919"]
[EventDate "2018.12.26"]

1. e4 e5 2. Nf3 Nc6 3. Bb5 a6 4. Ba4 Nf6 5. d3 b5 6. Bb3 Bb7 7. Ng5 d5 8. exd5
Nd4 9. c4 Bb4+ 10. Nc3 O-O 11. O-O c6 12. dxc6 Bxc6 13. Be3 Nxb3 14. axb3 Qd7
15. Qe2 Qf5 16. f3 Qg6 17. Nh3 Nh5 18. Rad1 Rad8 19. Bb6 Bd7 20. Bxd8 Bxh3 21.
Bh4 Nf4 22. Qd2 Bc5+ 23. d4 Bxd4+ 24. Qxd4 Qxg2# 0-1

[Event "World Rapid Women 2018"]
[Site "St Petersburg RUS"]
[Date "2018.12.27"]
[Round "5.38"]
[White "Shvayger, Yuliya"]
[Black "Utiatskaja, Irina"]
[Result "0-1"]
[WhiteTitle "IM"]
[BlackTitle "WIM"]
[WhiteElo "2393"]
[BlackElo "2246"]
[WhiteFideId "14100126"]
[BlackFideId "24140848"]
[EventDate "2018.12.26"]

1. e4 c5 2. Ne2 Nf6 3. Nbc3 d6 4. d4 cxd4 5. Nxd4 a6 6. g3 e5 7. Nb3 Be7 8. Bg2
O-O 9. O-O Be6 10. Re1 Nbd7 11. a4 Qc7 12. Nd2 Bd8 13. Nf1 Qc5 14. Ne3 Ba5 15.
Bd2 Rac8 16. Qe2 Nb6 17. Red1 Rfd8 18. Qe1 Ng4 19. Ned5 Bxd5 20. Nxd5 Bxd2 21.
Rxd2 Nxd5 22. exd5 f5 23. Bh3 h5 24. a5 g6 25. Bf1 e4 26. Ra3 Re8 27. Be2 e3 28.
fxe3 Rxe3 29. Kh1 Rce8 30. Rxe3 Qxe3 31. c4 Qe4+ 32. Kg1 Qxc4 33. Qf1 Qc5+ 34.
Kh1 Qe3 35. Qf4 Qxf4 36. gxf4 Rc8 37. Bxg4 hxg4 38. Re2 Rc5 39. Re7 Rxd5 40.
Rxb7 Rxa5 41. Kg2 Rb5 42. Ra7 Rxb2+ 43. Kg3 a5 44. Kh4 Rxh2+ 45. Kg5 Ra2 46. Kf6
Rb2 47. Ra8+ Kh7 48. Ra7+ Kh6 49. Rxa5 g3 50. Ra3 Rg2 51. Rd3 Kh5 52. Rxd6 Kg4
53. Rd4 Rf2 54. Kxg6 g2 0-1

[Event "World Rapid Women 2018"]
[Site "St Petersburg RUS"]
[Date "2018.12.27"]
[Round "5.39"]
[White "Shuvalova, Polina"]
[Black "Solozhenkina, Elizaveta"]
[Result "1/2-1/2"]
[WhiteTitle "WIM"]
[BlackTitle "WIM"]
[WhiteElo "2441"]
[BlackElo "2258"]
[WhiteFideId "24171760"]
[BlackFideId "34106615"]
[EventDate "2018.12.26"]

1. e4 e6 2. d4 d5 3. Bd3 dxe4 4. Bxe4 Nf6 5. Bf3 c5 6. Ne2 Nc6 7. c3 Be7 8. O-O
cxd4 9. cxd4 O-O 10. Nbc3 Nb4 11. Bg5 Nbd5 12. Qb3 Rb8 13. Rac1 b6 14. Bh4 Bb7
15. Rfd1 Qd7 16. Nb5 a6 17. Na3 b5 18. Nc2 Rfc8 19. Bg3 Bd6 20. Ne1 Bxg3 21.
hxg3 Qd6 22. Nd3 Nd7 23. a3 h6 24. Re1 g6 25. Qa2 a5 26. Qb3 a4 27. Rxc8+ Rxc8
28. Qd1 Rc4 29. Qd2 Kg7 30. Rc1 Qc7 31. Rxc4 Qxc4 32. Ne5 Nxe5 33. dxe5 Qc7 34.
Qd4 Nb6 35. Bxb7 Qxb7 36. Qb4 Nd5 37. Qc5 b4 38. Nd4 bxa3 39. bxa3 Qb1+ 40. Kh2
Qb2 41. Qa7 Kg8 42. Qxa4 Qxf2 43. Qa8+ Kh7 44. Nc6 Ne3 45. Ne7 Nf1+ 46. Kh1
Nxg3+ 47. Kh2 Nf1+ 48. Kh1 h5 49. Qf3 Qh4+ 50. Kg1 Qxe7 51. Kxf1 Kg8 52. Qc3 Qd7
53. Kg1 Qa7+ 54. Kh2 Kh7 55. Qf3 Kg8 56. Qc3 Qf2 57. Qg3 Qc2 58. Qf4 Qc5 59. a4
Kg7 60. Qf6+ Kg8 61. Qd8+ Kg7 62. Qd6 Qf2 63. Qb4 h4 64. Qg4 Qe1 65. Qf4 Kg8 66.
Kh3 Qh1+ 67. Qh2 Qa1 68. Qf4 Qh1+ 69. Qh2 Qa1 70. Qf4 1/2-1/2

[Event "World Rapid Women 2018"]
[Site "St Petersburg RUS"]
[Date "2018.12.27"]
[Round "5.40"]
[White "Shaydullina, Sandugach"]
[Black "Guichard, Pauline"]
[Result "0-1"]
[WhiteTitle "WGM"]
[BlackTitle "WGM"]
[WhiteElo "2033"]
[BlackElo "2378"]
[WhiteFideId "4140389"]
[BlackFideId "639370"]
[EventDate "2018.12.26"]

1. d4 Nf6 2. c4 g6 3. Nf3 Bg7 4. g3 O-O 5. Bg2 d6 6. O-O Nc6 7. Nc3 e5 8. d5 Nb8
9. e4 a5 10. Ne1 Na6 11. Nd3 Nd7 12. f4 exf4 13. gxf4 Nac5 14. Be3 b6 15. e5 Ba6
16. Nb5 Bxb5 17. cxb5 dxe5 18. f5 e4 19. Nxc5 Nxc5 20. Bxc5 bxc5 21. Bxe4 Bxb2
22. Rb1 Bd4+ 23. Kh1 Qh4 24. Qc2 Rae8 25. Bf3 Re5 26. Bg2 Rfe8 27. d6 cxd6 28.
b6 Re2 29. Qd3 R2e3 30. Qc4 d5 31. Bxd5 Re2 32. Bg2 Rxg2 33. Kxg2 Qg4+ 34. Kh1
Qe4+ 0-1

[Event "World Rapid Women 2018"]
[Site "St Petersburg RUS"]
[Date "2018.12.27"]
[Round "5.41"]
[White "Stetsko, Lanita"]
[Black "Zhukova, Natalia"]
[Result "0-1"]
[WhiteTitle "FM"]
[BlackTitle "GM"]
[WhiteElo "2194"]
[BlackElo "2377"]
[WhiteFideId "13505300"]
[BlackFideId "14101513"]
[EventDate "2018.12.26"]

1. e4 Nf6 2. e5 Nd5 3. d4 d6 4. Nf3 dxe5 5. Nxe5 g6 6. c4 Nf6 7. Nc3 Bg7 8. Be2
O-O 9. O-O Nfd7 10. Nf3 Nc6 11. d5 Nce5 12. Nxe5 Nxe5 13. f4 Nd7 14. Be3 Nf6 15.
Bf3 e6 16. Qb3 exd5 17. cxd5 Bg4 18. h3 Bxf3 19. Rxf3 Re8 20. Bf2 Ne4 21. Nxe4
Rxe4 22. Qxb7 Rb8 23. Qxa7 Rxb2 24. Rc1 Rxf2 25. Rxf2 Bd4 26. Qa5 Re2 27. Rf1
Qh4 28. Qb4 Qxf4 29. Kh1 Rxf2 30. Rxf2 Qc1+ 31. Kh2 Bxf2 0-1